La salud de los trabajadores

সংরক্ষণ করুন:
গ্রন্থ-পঞ্জীর বিবরন
বিন্যাস: গ্রন্থ
ভাষা:Spanish
ট্যাগগুলো: ট্যাগ যুক্ত করুন
কোনো ট্যাগ নেই, প্রথমজন হিসাবে ট্যাগ করুন!

MARC

LEADER 00000nam a22000007a 4500
003 cru CIDCACS/IIS
005 20180404135841.0
007 ta
008 180404s1993 sp |||p|r||||||0| ||spa|d
999 |c 41217  |d 41217 
040 |c cru CIDCACS/IIS 
245 1 |a La salud de los trabajadores 
300 |a página 41 
773 0 |0 41203  |9 1929  |a Confederación Sindical de CC.OO  |d España: Confederación Sindical de CC.OO  |o 15054  |t Gaceta Sindical / 
942 |2 ddc  |c PP